[Event "Grand Prix Jerusalem 2019"]
[Site "Jerusalem"]
[Date "2019.12.11"]
[Round "1.1"]
[White "Topalov, Veselin"]
[Black "Vachier-Lagrave, Maxime"]
[Result "1/2-1/2"]
[WhiteElo "2737"]
[BlackElo "2780"]
[Annotator "TA"]
[PlyCount "71"]
[EventDate "2019.12.11"]
[EventType "k.o."]
[EventCountry "ISR"]
[SourceTitle "playchess.com"]
[Source "ChessBase"]
[SourceQuality "1"]

{[%evp 11,71,0,10,-10,25,31,27,27,33,30,58,35,30,31,39,30,37,33,25,26,46,44,48,38,50,41,50,42,52,48,66,70,51,43,50,18,16,12,20,15,33,16,43,36,25,31,57,42,91,13,12,12,13,14,0,6,6,12,8,5,8,8]} 1. c4 c5 2. g3 g6 3. Bg2 Bg7 4. Nc3 Nc6 5. Nf3 d6 6. O-O Bf5 7. b3 {A37: Symmetrical English vs ...g6: 4 Bg2 Bg7 5 Nf3} (7. h3 Nf6 8. d3 O-O 9. Be3 a6 10. Qd2 b5 11. cxb5 axb5 12. Nxb5 Qa5 13. Nc3 Rab8 14. Rfc1 Rfc8 {1-0 (43) Carlsen,M (2845)-Vachier Lagrave,M (2773) Karlsruhe/Baden Baden 2019}) 7... Nf6 8. Bb2 Ne4 $146 ({Predecessor:} 8... O-O 9. Nh4 Bg4 10. h3 Bd7 11. e3 Qc8 12. Kh2 a6 13. a4 Rb8 14. d3 e6 15. Qd2 Qc7 16. Nf3 Rfd8 {½-½ (27) Eljanov,P (2727)-Khairullin,I (2629) Jerusalem 2015}) 9. Na4 {White has an edge.} Bxb2 10. Nxb2 Qd7 11. Nh4 Nf6 12. Nxf5 Qxf5 13. e3 O-O 14. Na4 Rad8 15. a3 Qc8 16. Rc1 Kg7 17. Qc2 h5 18. h3 b6 19. Nc3 Rfe8 20. f4 e6 21. Qb2 $1 {Threatens to win with Ne4.} Kg8 22. Ne2 Nh7 23. d4 cxd4 24. Nxd4 Nxd4 25. exd4 Nf6 26. Kh2 Kg7 27. b4 Qc7 28. a4 e5 29. fxe5 dxe5 {[#]} 30. c5 (30. Qf2 $1 $16 {[%cal Rf2f6]} Qe7 31. Bc6) 30... h4 $1 $11 {The position is equal.} ({Reject} 30... exd4 $6 31. cxb6 Qb8 32. Rc6 $16) 31. cxb6 hxg3+ 32. Kh1 Qxb6 33. Rc6 {[%mdl 64] Double Attack} (33. dxe5 $2 {[#]} Ng4 $1 $17 {[%mdl 512]}) 33... Qxd4 34. Qxd4 Rxd4 35. Rcxf6 Re7 36. R6f3 {Accuracy: White = 57%, Black = 57%.} 1/2-1/2

[Event "Grand Prix Jerusalem 2019"]
[Site "Jerusalem"]
[Date "2019.12.12"]
[Round "1.2"]
[White "Vachier-Lagrave, Maxime"]
[Black "Topalov, Veselin"]
[Result "1/2-1/2"]
[WhiteElo "2780"]
[BlackElo "2737"]
[Annotator "TA"]
[PlyCount "51"]
[EventDate "2019.12.11"]
[EventType "k.o."]
[EventCountry "ISR"]
[SourceTitle "playchess.com"]
[Source "ChessBase"]
[SourceQuality "1"]

{[%evp 16,51,27,-2,0,-18,0,0,0,0,0,0,0,0,0,0,0,0,0,-13,0,-1,0,0,0,0,57,52,70,72,57,56,60,49,62,63,52,10]} 1. e4 e5 2. Nf3 Nc6 3. Bb5 Nf6 4. O-O Nxe4 5. d4 Nd6 6. Bxc6 dxc6 7. dxe5 Nf5 8. Qxd8+ Kxd8 9. h3 Bd7 {C67: Ruy Lopez: Berlin Defence: 4 0-0 Nxe4} (9... Be7 10. Nc3 Nh4 11. Rd1+ Ke8 12. Nxh4 Bxh4 13. Ne2 h5 14. Bf4 Be7 15. Nd4 c5 16. Nb5 Bd8 17. Bg5 Bd7 18. Bxd8 Kxd8 19. Rd2 Kc8 {1-0 (49) Duda,J (2730)-Giri,A (2780) chess.com INT 2019}) 10. Rd1 Kc8 11. g4 {[#] Strongly threatening Rxd7.} Ne7 {The position is equal.} 12. Ng5 $1 {[%cal Rg5f7]} Be8 $1 13. f4 h6 14. Ne4 h5 15. Kg2 b6 16. c4 Ng6 17. Nbc3 Be7 18. Be3 Kb7 $146 ({Predecessor:} 18... Bd7 19. Kg3 Bh4+ 20. Kf3 Be7 21. Kg3 Bh4+ 22. Kf3 {½-½ (22) Walter,G (2452)-Kopeikin,V (2431) ICCF email 2016}) 19. Ng3 hxg4 20. hxg4 Rh4 (20... f6 $11) 21. Nf5 $1 $36 {[%csl LRg7,LRh4][%mdl 2112] [#] Double Attack. Black is under pressure.} Rxg4+ 22. Kf3 Rh4 23. Nxh4 {White is slightly better.} Nxh4+ 24. Kg4 $1 {aiming for f5.} g6 25. Bf2 Nf5 26. Rd2 {Accuracy: White = 83%, Black = 86%.} 1/2-1/2

[Event "Grand Prix Jerusalem 2019"]
[Site "Jerusalem"]
[Date "2019.12.12"]
[Round "1.2"]
[White "Giri, Anish"]
[Black "Wei, Yi"]
[Result "1/2-1/2"]
[WhiteElo "2769"]
[BlackElo "2725"]
[Annotator "TA"]
[PlyCount "27"]
[EventDate "2019.12.11"]
[EventType "k.o."]
[EventCountry "ISR"]
[SourceTitle "playchess.com"]
[Source "ChessBase"]
[SourceQuality "1"]

{[%evp 10,19,13,15,28,16,7,0,0,0,20,8]} 1. c4 g6 2. g3 Bg7 3. Bg2 c5 4. Nc3 Nf6 5. e3 O-O 6. Nge2 e6 {A34: Symmetrical English: 2 Nc3, lines with ...d5} (6... Nc6 7. O-O d6 8. d4 Bd7 9. b3 Rb8 10. Bb2 a6 11. Rc1 cxd4 12. exd4 Na5 13. Re1 b5 14. c5 b4 15. Na4 Bxa4 16. bxa4 d5 17. Nf4 e6 18. Bf1 Qc8 19. Nd3 {0-1 (50) Kryakvin,D (2589)-Neiksans,A (2566) Finland 2019}) 7. d4 cxd4 {The position is equal.} 8. Nxd4 d5 9. cxd5 Nxd5 10. O-O {Predecessor:} Nc6 $146 11. Nxd5 Nxd4 12. exd4 exd5 13. Qb3 Be6 14. Be3 {½-½ (14) Kjetzae,J (2062)-Balazs,B (1822) Bad Harzburg 2012} 1/2-1/2

[Event "Grand Prix Jerusalem 2019"]
[Site "Jerusalem"]
[Date "2019.12.12"]
[Round "1.2"]
[White "So, Wesley"]
[Black "Yu, Yangyi"]
[Result "1-0"]
[WhiteElo "2760"]
[BlackElo "2738"]
[Annotator "TA"]
[PlyCount "75"]
[EventDate "2019.12.11"]
[EventType "k.o."]
[EventCountry "ISR"]
[SourceTitle "playchess.com"]
[Source "ChessBase"]
[SourceQuality "1"]

{[%evp 9,75,7,12,2,8,7,7,6,8,0,20,13,28,15,19,27,9,19,26,26,39,39,72,47,62,53,52,37,68,59,75,74,81,46,22,34,115,74,77,80,65,96,154,158,149,132,147,150,201,110,119,112,109,109,109,123,116,116,186,186,186,119,164,135,1909,1979,891,897]} 1. e4 e5 2. Nf3 Nf6 3. d4 Nxe4 4. dxe5 d5 5. Nbd2 Nxd2 6. Bxd2 {C43: Petroff Defence: 3 d4} Be7 7. Bd3 c5 8. c3 {The position is equal.} Nc6 9. O-O Bg4 10. Re1 Qd7 11. h3 Bh5 12. Bf4 Qe6 13. Be2 $146 ({Predecessor:} 13. a3 O-O {0-1 (69) Grischuk,A (2767)-Caruana,F (2784) Berlin 2018}) 13... O-O 14. Qd2 Bg6 15. Rad1 $36 {[%mdl 2048] White is more active.} Be4 16. Ng5 $1 {[%cal Rg5e6]} Bxg5 $1 17. Bxg5 h6 18. Be3 d4 19. cxd4 {Hoping for d5.} Rfd8 20. Qc3 $1 Qg6 {[%csl Ge4][%cal Rg6g2]} 21. g3 cxd4 22. Bxd4 Qe6 (22... Bd5 $14) 23. Kh2 Rac8 24. Qe3 Bf5 25. Bc3 Rxd1 ({Black should try} 25... Bxh3 26. Qf4 Rxd1 27. Bxd1 (27. Rxd1 Qf5 $14) 27... Rd8) 26. Rxd1 $16 Qxa2 27. g4 Be6 28. Qe4 $1 Ne7 {[#]} (28... Rd8 $16) 29. Qxb7 (29. Rd6 $1 $18) 29... Nd5 {[#]} 30. Bd4 $1 a5 31. Bf3 Qc4 32. b3 Qc2 33. Bxd5 Bxd5 (33... Qxd1 $16 34. Bxe6 Rf8) 34. Qxd5 $18 Qxd1 35. e6 Qc2 36. exf7+ Kh7 $2 {[%mdl 8192]} (36... Kf8 $16) 37. Qe5 {[%csl Gd4][%cal Re5g7]} Qg6 38. Qe7 {Accuracy: White = 78%, Black = 52%.} 1-0

[Event "Grand Prix Jerusalem 2019"]
[Site "Jerusalem"]
[Date "2019.12.12"]
[Round "1.2"]
[White "Wang, Hao"]
[Black "Navara, David"]
[Result "1/2-1/2"]
[WhiteElo "2756"]
[BlackElo "2707"]
[Annotator "TA"]
[PlyCount "181"]
[EventDate "2019.12.11"]
[EventType "k.o."]
[EventCountry "ISR"]
[SourceTitle "playchess.com"]
[Source "ChessBase"]
[SourceQuality "1"]

{[%evp 9,181,18,22,12,20,0,3,0,36,0,-11,-11,-3,-10,6,0,0,8,8,8,14,7,3,3,7,0,0,0,0,0,0,0,0,0,0,0,0,0,25,0,0,0,6,0,0,0,0,0,0,0,0,-16,0,0,0,-38,-25,-45,-11,-111,-112,-141,-150,-153,-139,-274,-281,-270,-256,-307,-136,-134,0,-284,-292,-275,-275,-242,-150,-153,-152,-154,-145,-145,-145,-154,-154,-211,-157,-447,-438,-500,-173,-149,-121,-195,-170,-157,-135,-119,-123,-130,-96,-141,-8,-139,0,0,0,0,0,0,0,0,0,0,0,0,0,0,0,0,0,0,0,0,0,0,0,0,0,0,0,0,0,0,0,0,0,0,0,0,0,0,0,0,0,0,0,0,0,0,0,0,0,0,0,0,0,0,0,0,0,0,0,0,0,0,0,0,0,0,0,0]} 1. e4 e5 2. Nf3 Nc6 3. Bb5 Nf6 4. d3 Bc5 5. Bxc6 dxc6 6. Nbd2 {C65: Ruy Lopez: Berlin Defence (3...Nf6), unusual lines and 4 0-0 Bc5} Be6 7. Nb3 (7. O-O Nd7 8. Nb3 Bb6 9. Ng5 Bxb3 10. axb3 Qe7 11. Nf3 O-O 12. Nd2 Nc5 13. Nc4 f6 {1-0 (102) Dominguez Perez,L (2763)-Wang,H (2726) Khanty-Mansiysk 2019}) 7... Bb6 8. O-O Qd6 (8... Qe7 {feels hotter.} 9. Nbd2 Nd7 10. b3 f6 11. a4 a5) 9. Be3 (9. Nbd2 {keeps more tension.} a5 10. a4 O-O 11. h3 Nd7 12. Ng5) 9... Bxe3 $146 ({Predecessor:} 9... Nd7 10. Ng5 O-O 11. Nxe6 Qxe6 12. Bd2 f5 13. exf5 Rxf5 {1-0 (88) Piorun,K (2651)-Georgiev,K (2623) Katowice 2017}) 10. fxe3 c5 11. Nbd2 O-O 12. a4 Ne8 13. Ng5 f6 14. Nxe6 Qxe6 15. Qh5 Nd6 16. b3 b6 {[%cal Bb7b6,Bb6b5][%mdl 32]} 17. Nc4 a6 18. Rf3 b5 19. Nxd6 cxd6 20. Rh3 h6 21. Qg6 Qe8 22. Rxh6 Qxg6 23. Rxg6 $11 {[%mdl 4096] Endgame KRR-KRR} c4 24. dxc4 bxc4 25. Rd1 Rfd8 26. Kf2 Rab8 27. bxc4 Kf7 28. Rg3 Rbc8 29. Rb1 Rd7 30. Rb6 a5 31. Ra6 Rxc4 32. Rxa5 Rxe4 33. Kf3 f5 {[%mdl 1024] Black has compensation.} 34. Rh3 (34. Rg5 $11 Kf6 35. Rh5) 34... Rc7 $17 35. Rh8 Rc3 36. Ra7+ Kg6 37. Rd7 (37. Rg8 $17) 37... Rcxe3+ $19 38. Kf2 Re2+ {[%mdl 64] Double Attack} 39. Kf1 Re1+ (39... Rxc2 $19 {and Black stays clearly on top.} 40. Rxd6+ Kf7) 40. Kf2 $17 R1e2+ (40... R4e2+ $17 41. Kf3 Rd2) 41. Kf1 $19 Rxc2 42. Rxd6+ Kg5 43. Rg8 Rc7 ({Less strong is} 43... Rxa4 44. Rxg7+ Kf4 45. Rd1 $17) 44. a5 Ra4 45. Rd2 Rxa5 46. g3 Rca7 47. Kg2 Kg6 48. Rd6+ (48. h4 $17) 48... Kf7 49. Rdd8 $2 (49. Rb8 $17 {was called for.}) 49... Ra2+ 50. Kh3 Rf2 $2 (50... Kf6 51. Rdf8+ Kg5) 51. g4 f4 $1 52. Rge8 Re7 53. Rf8+ Ke6 54. Ra8 Rc2 55. g5 Kd5 56. Kg4 {[#]} g6 ({Black should try} 56... Rec7 $1 $17 57. Ra1 Rc1 58. Ra5+ Ke4) 57. Ra4 {[#]} (57. Ra1 $11 {remains equal.}) 57... Rg2+ ({Better is} 57... Rec7 $1 $17 58. Rd8+ Ke6 59. Ra6+ R7c6) 58. Kf3 $11 {The position is equal.} Rxg5 59. Ra5+ Ke6 60. Ra6+ Kd5 {...Rc7 is the strong threat.} 61. Ra5+ Kc6 {White must now prevent ...e4+.} 62. Rf6+ Kb7 63. Raa6 Rh5 64. Rfb6+ Kc8 65. Rxg6 Rxh2 {And now ...Rh3+ would win.} 66. Ra8+ Kb7 67. Rga6 $1 Rc7 68. R8a7+ Kc8 69. Ra8+ Kd7 70. Rg6 Rc3+ 71. Ke4 {Strongly threatening Ra7+.} Re2+ 72. Kf5 Kc7 {Hoping for ...Kb7.} 73. Rg7+ Kb6 $1 {aiming for ...Rcc2.} 74. Rb8+ Ka6 75. Rg1 {White threatens Ra1+ and mate.} Ka7 76. Rb5 {Ra1+ would kill now.} Ra2 77. Rxe5 f3 {With the idea ...Rc7.} 78. Kf4 f2 79. Rf1 Kb6 80. Re3 Rc7 81. Rb3+ Ka5 82. Rb8 {Threatens to win with Ra8+.} Ra4+ 83. Ke5 Re7+ 84. Kf6 Re2 85. Ra8+ Kb4 86. Rxa4+ Kxa4 87. Kg5 Kb5 88. Kg4 Kc4 89. Kg3 Kd4 90. Rxf2 Rxf2 91. Kxf2 {Accuracy: White = 64%, Black = 55%.} 1/2-1/2

[Event "Grand Prix Jerusalem 2019"]
[Site "Jerusalem"]
[Date "2019.12.12"]
[Round "1.2"]
[White "Karjakin, Sergey"]
[Black "Harikrishna, Pentala"]
[Result "1/2-1/2"]
[WhiteElo "2754"]
[BlackElo "2724"]
[Annotator "TA"]
[PlyCount "53"]
[EventDate "2019.12.11"]
[EventType "k.o."]
[EventCountry "ISR"]
[SourceTitle "playchess.com"]
[Source "ChessBase"]
[SourceQuality "1"]

{[%evp 17,53,0,1,0,5,0,14,0,0,0,0,0,0,0,0,0,0,0,0,0,0,0,0,0,0,0,0,0,0,0,0,0,0,0,0,0,0,0]} 1. e4 e5 2. Nf3 Nc6 3. Bc4 Bc5 4. c3 Nf6 5. d4 exd4 6. e5 d5 7. Bb5 Ne4 8. cxd4 Bb6 9. Nc3 O-O {The position is equal.} 10. Be3 {C54: Giuoco Piano: 4 c3 Nf6, main lines with 5 d4 and 5 d3} Bg4 11. h3 Bh5 12. Qc2 Ba5 (12... Nxc3 13. bxc3 f6 14. exf6 Qxf6 15. Be2 Na5 16. O-O Bxf3 17. Bxf3 c6 {½-½ (39) Dominguez Perez,L (2763)-Grischuk,A (2759) Khanty-Mansiysk 2019}) 13. O-O Bxf3 14. gxf3 Nxc3 15. bxc3 Qd7 {[#]} 16. Kh2 $146 ({Predecessor:} 16. Bxc6 Qxc6 17. f4 Qg6+ 18. Qxg6 fxg6 {1-0 (50) Anton Guijarro,D (2643)-Svane,R (2610) Skopje 2019}) 16... Nxd4 $1 17. cxd4 Qxb5 18. Rg1 g6 19. Rab1 Qc4 20. Qxc4 dxc4 21. Rxb7 Rfb8 22. Rgb1 Rxb7 23. Rxb7 Bb6 24. d5 $1 Rd8 25. Bg5 Ra8 ({Don't go for} 25... Rxd5 $2 26. Bf6 $18) 26. Be3 {next Bxb6 is good for White.} Rd8 27. Bg5 {Accuracy: White = 77%, Black = 89%.} 1/2-1/2

[Event "Grand Prix Jerusalem 2019"]
[Site "Jerusalem"]
[Date "2019.12.11"]
[Round "1.2"]
[White "Wojtaszek, Radoslaw"]
[Black "Andreikin, Dmitry"]
[Result "1/2-1/2"]
[WhiteElo "2725"]
[BlackElo "2724"]
[Annotator "TA"]
[PlyCount "140"]
[EventDate "2019.12.11"]
[EventType "k.o."]
[EventCountry "ISR"]
[SourceTitle "playchess.com"]
[Source "ChessBase"]
[SourceQuality "1"]

{[%evp 12,140,18,16,10,13,27,0,22,22,23,19,26,30,35,21,27,18,21,25,25,22,25,8,36,26,27,29,30,0,0,0,0,0,0,0,0,0,0,-9,-18,-42,0,0,0,0,0,0,0,0,0,0,0,-2,0,0,0,0,0,0,0,0,0,0,0,0,0,0,0,0,0,0,0,0,0,-14,-14,-14,-14,-19,-19,-19,-19,-19,-19,-19,-19,-19,-16,-16,-12,-16,-15,-33,-33,-33,-33,-33,-33,-33,-16,-16,-16,-16,-16,-16,-16,-16,-16,-16,-16,-16,-16,-16,0,0,0,0,0,0,0,0,0,0,0,0,0,0,0,0,0]} 1. d4 Nf6 2. c4 e6 3. Nf3 d5 4. Nc3 Be7 5. Bf4 O-O 6. e3 Nbd7 7. Be2 dxc4 {D37: Queen's Gambit Declined: 5 Bf4} 8. O-O Nd5 9. Bxc4 N7b6 $146 ({Predecessor:} 9... Nxf4 10. exf4 c5 11. dxc5 Qc7 12. g3 Nxc5 13. Rc1 Qb6 14. Qe2 Bd7 15. Ne5 {½-½ (28) Tomashevsky,E (2724)-Oparin,G (2617) Novosibirsk 2016}) 10. Nxd5 exd5 11. Bd3 c6 12. Qc2 h6 13. h3 Be6 14. Rad1 Nc4 15. b3 Nd6 {[%cal Bc4d6,Bd6e8,Be8f6,Bf6h5,Bh5f4][%mdl 32]} 16. Ne5 a5 17. a4 Qb6 18. Rc1 Rac8 19. f3 Ne8 20. Qb2 Nf6 21. Bg3 c5 22. Bb5 cxd4 23. exd4 Nh5 24. Bf2 Bg5 25. Rxc8 Rxc8 26. Re1 Bf5 27. Bd3 Bxd3 28. Nxd3 Nf4 29. Qb1 Qg6 30. Nxf4 Qxb1 31. Rxb1 Bxf4 $11 {[%mdl 4096] Endgame KRB-KRB} 32. Kf1 Bd2 33. Be1 Rc2 34. Bxd2 Rxd2 {KR-KR} 35. b4 Rxd4 36. bxa5 Rxa4 37. Rb5 d4 38. Ke2 Ra3 39. h4 g6 40. g4 Re3+ 41. Kf2 Ra3 42. Ke2 Kg7 43. Rxb7 Rxa5 44. Rd7 Ra2+ 45. Kd3 Rh2 46. Rxd4 Rxh4 47. Ke3 Rh2 48. Kf4 Rg2 49. Rd5 g5+ 50. Ke3 Ra2 51. Rb5 Kg6 52. Rb6+ f6 53. Rc6 Ra4 54. Kf2 Rf4 55. Kg3 h5 56. gxh5+ {The position is equal.} Kxh5 57. Ra6 Kg6 58. Rc6 Rd4 59. Ra6 Rd5 60. Rb6 Kf5 61. Ra6 Ke5 62. Rb6 f5 63. Rg6 Rd1 64. Rxg5 Rg1+ 65. Kh4 Rh1+ (65... Rc1 {is interesting.} 66. Kg3 Rg1+) 66. Kg3 Kf6 67. f4 Rg1+ 68. Kf3 Rxg5 69. fxg5+ Kxg5 70. Kg3 f4+ {Accuracy: White = 74%, Black = 78%.} 1/2-1/2

[Event "Grand Prix Jerusalem 2019"]
[Site "Jerusalem"]
[Date "2019.12.12"]
[Round "1.2"]
[White "Andreikin, Dmitry"]
[Black "Wojtaszek, Radoslaw"]
[Result "1/2-1/2"]
[WhiteElo "2724"]
[BlackElo "2725"]
[Annotator "TA"]
[PlyCount "147"]
[EventDate "2019.12.11"]
[EventType "k.o."]
[EventCountry "ISR"]
[SourceTitle "playchess.com"]
[Source "ChessBase"]
[SourceQuality "1"]

{[%evp 12,146,20,19,7,10,10,16,20,14,18,18,21,10,16,14,12,14,25,22,25,16,22,14,18,27,27,13,16,6,13,6,6,8,6,0,35,35,27,22,30,21,24,18,25,22,53,64,51,46,64,16,58,56,80,77,70,63,84,14,93,97,88,37,122,97,127,83,66,70,82,93,82,0,0,0,79,53,53,53,53,51,51,51,51,51,65,66,64,0,51,51,51,0,51,51,51,51,51,0,0,0,65,65,65,65,65,0,65,65,65,65,65,65,65,65,65,65,65,8,65,0,0,0,0,0,0,0,0,0,0,0,0,0,0,0,0]} 1. d4 Nf6 2. Nf3 d5 3. c4 e6 4. Nc3 Bb4 5. Qa4+ Nc6 6. e3 O-O 7. Bd2 dxc4 {D38: Queen's Gambit Declined: Ragozin Defence (4 Nf3 Bb4)} 8. Bxc4 Bd6 9. Qc2 $146 (9. e4 e5 10. dxe5 Nxe5 11. Nxe5 Bxe5 12. O-O-O Qe8 13. Qxe8 Rxe8 14. f3 Be6 15. Bxe6 Rxe6 {½-½ (67) Navara,D (2727)-Harikrishna,P (2732) Prague 2018}) 9... a6 10. a3 e5 11. dxe5 Nxe5 12. Nxe5 Bxe5 13. f4 Bxc3 14. Bxc3 Ng4 15. Bd4 c5 16. Bxc5 Re8 $1 17. O-O Nxe3 18. Bxe3 Rxe3 19. Qf2 Re8 20. f5 Qf6 21. Rad1 b5 22. Ba2 Rb8 23. Qc5 Qb6 24. b4 Qxc5+ 25. bxc5 Rb7 26. c6 Rc7 27. Rd6 $36 {[%mdl 2048] White has some pressure.} Kf8 28. f6 gxf6 29. Rdxf6 Ree7 30. Bd5 $1 Kg7 31. Rd6 Be6 {Black wants to play ...Bxd5.} 32. Bf3 Re8 33. Kf2 Kf8 34. Re1 Rb8 35. Ke3 (35. Rd4 $16) 35... b4 (35... a5 $11) 36. axb4 $16 Rxb4 37. Ra1 (37. Rd8+ $16 Ke7 38. Ra8) 37... Bc4 (37... Ra7 $1 $14) 38. Rad1 {[#] Rd7 is the strong threat.} Rb3+ 39. Kd4 Be6 40. Rd8+ Ke7 41. Ra8 Rb4+ 42. Kc5 Rb5+ 43. Kd4 Rb4+ 44. Ke3 Bg4 $1 45. Rxa6 Bxf3 46. Kxf3 $14 {[%mdl 4096] Endgame KRR-KRR} Rc4 47. Rd7+ Rxd7 48. cxd7 Kxd7 {KR-KR} 49. Rh6 Ke7 50. g4 (50. Rxh7 $14 Rc3+ 51. Kf4) 50... Rc3+ (50... f5 $1 $11) 51. Kf4 Rc4+ 52. Kg3 (52. Kg5 $1 $14) 52... Rc3+ ({Black should play} 52... f5 $1 $11) 53. Kh4 $1 Rc2 54. h3 Rc3 55. g5 (55. Rxh7 $14 Ke6 56. g5) 55... Kf8 $1 $11 56. Rxh7 {Black must now prevent Kg4.} Kg8 (56... f6 $1 $11) 57. Rh6 $14 Kg7 58. Rf6 Rc4+ 59. Kg3 (59. Kh5 $14) 59... Rc3+ (59... Rc1 $1 $11) 60. Kg4 $1 Rc4+ 61. Kh5 $1 Rc3 62. h4 Rc4 63. Ra6 Rb4 64. Ra1 Rc4 65. Rg1 (65. Ra5 $14) 65... Ra4 (65... f6 $11) 66. Rg4 ({White should try} 66. Rc1 $14) 66... Rxg4 $1 $11 {The position is equal.} 67. Kxg4 {[#] White wants to mate with Kf5. KPP-KP} f6 68. Kf5 fxg5 69. hxg5 {KP-K} Kf7 70. g6+ Kg7 71. Kg5 Kg8 72. Kf6 {Intending g7 and mate.} Kf8 73. g7+ Kg8 74. Kg6 {Accuracy: White = 64%, Black = 57%.} 1/2-1/2

[Event "Grand Prix Jerusalem 2019"]
[Site "Jerusalem"]
[Date "2019.12.12"]
[Round "1.2"]
[White "Jakovenko, Dmitry"]
[Black "Mamedyarov, Shakhriyar"]
[Result "1/2-1/2"]
[WhiteElo "2698"]
[BlackElo "2772"]
[Annotator "TA"]
[PlyCount "67"]
[EventDate "2019.12.11"]
[EventType "k.o."]
[EventCountry "ISR"]
[SourceTitle "playchess.com"]
[Source "ChessBase"]
[SourceQuality "1"]

{[%evp 35,67,13,13,13,13,20,27,15,28,36,102,0,0,0,99,85,176,182,216,38,55,63,93,62,62,42,42,0,0,0,0,0,0,0]} 1. e4 c5 2. Nf3 e6 3. d4 cxd4 4. Nxd4 Nf6 5. Nc3 Nc6 6. Nxc6 bxc6 7. e5 Nd5 8. Ne4 Qc7 9. f4 Qb6 10. c4 Bb4+ 11. Ke2 f5 12. Nf2 Ba6 13. Kf3 Ne7 14. Be3 Bc5 15. Bxc5 Qxc5 16. Qd6 Qb6 17. b3 c5 18. Rd1 Bb7+ 19. Ke3 {B45: Sicilian Four Knights} (19. Kg3 Qxd6 20. Rxd6 g5 21. Nd3 gxf4+ 22. Kxf4 Rc8 23. Be2 Ng6+ 24. Ke3 Bxg2 25. Rd1 Be4 26. Nf4 Nxe5 27. Nxe6 {½-½ (44) Iljiushenok,I (2549)-Dreev,A (2657) Yaroslavl 2019}) 19... Qxd6 20. exd6 Ng6 21. h4 {White has an edge.} h5 22. Be2 Bxg2 $146 ({Black should try} 22... e5 $14) ({Predecessor:} 22... e5 23. fxe5 f4+ 24. Kd2 Bxg2 25. Bd3 Rh6 26. Rhg1 f3 {1-0 (45) Tyulenko,Y (2441)-Shchepetnev,V (2313) ICCF email 2014}) 23. Rhg1 (23. Rh2 $16 Bc6 24. Nd3) 23... Nxh4 $11 24. Nd3 g5 (24... Be4 $1 $11) 25. fxg5 $16 O-O {[#]} (25... O-O-O $16 {might work better.}) 26. Kf2 $1 $18 {[%cal Rf2g3] Threatens to win with Kg3.} (26. Nxc5 $6 f4+ 27. Kf2 f3 $16) (26. Bxh5 $6 Kg7 $14) 26... Bc6 {[#]} 27. Kg3 $2 (27. Bxh5 $6 Kg7 $16) ({Less strong is} 27. Nxc5 Kg7 $14) (27. Ne5 $1 $18) 27... Ng6 28. Bxh5 Kg7 29. Bxg6 ({Reject} 29. Nxc5 f4+ 30. Kf2 Rf5 $15) 29... Kxg6 30. Kf2 {Hoping for Ne5+.} ({But not} 30. Nxc5 f4+ 31. Kf2 Rf5 $17) 30... Rac8 31. Nf4+ Kg7 {The position is equal.} 32. Nh5+ Kg6 33. Nf4+ Kg7 34. Nh5+ {Accuracy: White = 51%, Black = 33%.} 1/2-1/2

[Event "Grand Prix Jerusalem 2019"]
[Site "Jerusalem"]
[Date "2019.12.12"]
[Round "1.2"]
[White "Gelfand, Boris"]
[Black "Nepomniachtchi, Ian"]
[Result "1/2-1/2"]
[WhiteElo "2684"]
[BlackElo "2767"]
[Annotator "TA"]
[PlyCount "69"]
[EventDate "2019.12.11"]
[EventType "k.o."]
[EventCountry "ISR"]
[SourceTitle "playchess.com"]
[Source "ChessBase"]
[SourceQuality "1"]

{[%evp 17,69,2,20,-9,80,70,70,73,76,65,65,65,69,65,56,47,22,33,110,102,91,86,88,74,108,79,185,166,197,92,92,88,92,99,99,99,241,11,4,13,14,8,12,6,11,13,11,2,127,123,134,0,0,0]} 1. Nf3 c5 2. c4 Nc6 3. d4 cxd4 4. Nxd4 Nf6 5. Nc3 e6 6. g3 Qb6 7. Nb3 Ne5 8. e4 Bb4 9. Qe2 d6 $1 10. Bd2 {A33: Symmetrical English: 2 Nf3 Nf6 3 d4 cxd4 4 Nxd4 e6 5 Nc3 Nc6} Bd7 (10... O-O $11 {remains equal.}) (10... a5 11. f4 Nc6 12. Na4 Bxd2+ 13. Nxd2 Qa7 14. Nc3 Nd4 15. Qd3 Ng4 16. Nd1 e5 17. Nf3 Nxf3+ 18. Qxf3 exf4 19. gxf4 {½-½ (58) Anand,V (2803)-So,W (2760) Bilbao 2015}) 11. f4 $16 Ng6 12. e5 {White is slightly better.} dxe5 13. fxe5 Ng8 14. c5 $1 {[%cal Rc5b6]} Qc7 {[#]} 15. Ne4 $146 ({Predecessor:} 15. O-O-O Bxc3 16. Bxc3 Bc6 17. Rg1 N8e7 {½-½ (53) Schinke,A (2504)-Malac,M ICCF email 2007}) 15... Bxd2+ 16. Nbxd2 Nh6 17. Nd6+ Kf8 (17... Ke7 $14) 18. b4 Bc6 19. Bg2 $36 {[%mdl 2048] White is in control.} Bxg2 20. Qxg2 Nxe5 21. O-O {Threatens to win with Rae1.} Nf5 {[#]} (21... f6 $16 {was necessary.}) 22. N2e4 $1 $18 ({Don't do} 22. Nxf5 $6 exf5 23. Rxf5 g6 $16) ({Much less strong is} 22. Qxb7 $6 Qxb7 23. Nxb7 Rb8 $14) 22... a5 23. Nxf5 (23. Qb2 $18 f6 24. a3 (24. Nxf5 exf5 25. Rxf5 axb4 $14)) 23... exf5 $16 24. Nd6 {[%mdl 64] Double Attack} g6 25. Qd5 {[%mdl 1024] White has strong compensation.} f6 26. b5 Rb8 {[#]} (26... Rd8 $16 {keeps fighting.}) 27. b6 $2 (27. Rae1 $1 $18) 27... Qd7 $11 28. Rae1 {Strongly threatening Rxe5.} h5 $1 29. Rxe5 fxe5 30. Qxe5 Kg8 $1 31. Ne4 Rf8 $1 32. Nf6+ Rxf6 $1 33. Qxf6 Kh7 34. Re1 ({Only move:} 34. c6 $1 $16 {[%cal Rc6d7]} bxc6 35. Re1) 34... Re8 35. Rxe8 {Accuracy: White = 57%, Black = 53%.} 1/2-1/2